World trade organisation V.2 (Record no. 41930)

MARC details
000 -LEADER
fixed length control field 00326nam a2200121Ia 4500
020 ## - INTERNATIONAL STANDARD BOOK NUMBER
ISBN 8171568890
082 ## - DEWEY DECIMAL CLASSIFICATION NUMBER
Classification number 339.52
Item number GUP.2
100 ## - MAIN ENTRY--AUTHOR NAME
Personal name Gupta, K R
245 #0 - TITLE STATEMENT
Title World trade organisation V.2
260 ## - PUBLICATION, DISTRIBUTION, ETC. (IMPRINT)
Place of publication New Delhi
Name of publisher Atlantic Publishers and Distributers
Year of publication 2000
942 ## - ADDED ENTRY ELEMENTS (KOHA)
Koha item type Books
Holdings
Withdrawn status Lost status Damaged status Not for loan Home library Current library Date acquired Full call number Accession Number Koha item type
        RRII Library RRII Library 16/12/2021 339.52 GUP.2 22211 Books